| 000 | 00738nam a2200229 4500 | ||
|---|---|---|---|
| 999 |
_c20040 _d20040 |
||
| 005 | 20180803170438.0 | ||
| 008 | 171221b2017 c |||||r|||| 00| 0 spa d | ||
| 022 | _a25007424 | ||
| 040 |
_aCO-BoIAVH _cCO-BoIAVH |
||
| 041 | _aspa | ||
| 044 | _ack | ||
| 082 |
_a363.70561 _bS61b |
||
| 110 | _aSistema Regional de Áreas Protegidas. SIRAP Caribe | ||
| 245 | 1 | _aBioCaribe | |
| 260 |
_aBogotá: _bSistema Regional de Áreas Protegidas. SIRAP Caribe, _c2017. |
||
| 300 |
_a99 Páginas _c28 x 22cm |
||
| 650 | 1 | 6 |
_aÁreas protegidas marinas _xProtección |
| 650 | 1 | 6 |
_aEcosistemas Marino-Costeros _xConservación |
| 650 | 1 | 6 | _aImpacto ambiental |
| 650 | 1 | 6 |
_aFauna _xConservación |
| 942 |
_2ddc _cLIBRO |
||